Guess The Rapper From Their Eyes - Statistics

General Stats
  • This quiz has been taken 463 times
  • The average score is 9 of 20
Answer Stats
Picture Answer % Correct
2Pac
98%
Lil Uzi Vert
82%
Tyler the Creator
78%
XXXTentacion
77%
Notorious B.I.G.
75%
Ice Spice
65%
MF Doom
64%
Lil Wayne
58%
Young Thug
47%
Chief Keef
40%
Ski Mask the Slump God
37%
Roddy Ricch
34%
Baby Keem
33%
JID
33%
Nas
32%
Doechii
28%
Andre3000
22%
Lauryn Hill
19%
Denzel Curry
15%
Joey Bada$$
13%
No matching quizzes found
Score Distribution
Percent of People with Each Score
Percentile by Number Answered
Your Score History
You have not taken this quiz